Statystyki dla 10 największych państw Europy (z mapą)

Kliknij tutaj aby rozwiązać quiz!

Ogólne statystyki

  • Ten quiz został rozwiązany 273 razy
  • Średni wynik to 10 z 10

Odpowiedzi na mapie

Odpowiedzi skodowane kolorowo w zielono-czerwonej skali na mapie do tego quizu, zgodnie z poniższymi procentami.
 

Statystyki odpowiedzi

Odpowiedź% Poprawnych
Francja
99%
Hiszpania
99%
Niemcy
98%
Polska
98%
Ukraina
98%
Szwecja
97%
Włochy
97%
Norwegia
94%
Wielka Brytania
94%
Finlandia
92%

Rozkład punktacji

Percentyl według liczby udzielonych odpowiedzi

Procent ludzi z każdym wynikiem

Twoja historia wyników

Nie rozwiązałeś tego quizu